| 000 | 00474nmm a22001697a 4500 | ||
|---|---|---|---|
| 005 | 20160608100036.0 | ||
| 008 | 150728b xxu||||| |||| 00| 0 spa d | ||
| 041 | _aspa | ||
| 082 | _aMD 108 | ||
| 100 |
_aMuñoz Mena, Diego Isaac _911151 |
||
| 245 | _aInforme de Práctica Supervisada realizado en Align Technology de Costa Rica S.A. | ||
| 260 | _c2013 | ||
| 650 |
_aCOSTA RICA _911152 |
||
| 650 |
_aMECANICA DENTAL _911153 |
||
| 650 |
_aSISTEMA MERGE _911154 |
||
| 942 | _cIP | ||
| 999 |
_c6789 _d6789 |
||